Clickable Dumbledore's Army Quiz Stats

 Plays Quiz Updated Jun 12, 2015

Challenge
Share
Tweet
Embed
Score 0/29 Timer 02:00
6 Plays Today
% Correct
Harry Potter
94.9%
Hermione Granger
94.9%
Ginny Weasley
94.8%
Cho Chang
94%
Fred Weasley
93.9%
Luna Lovegood
92.8%
George Weasley
92.6%
Neville Longbottom
91.4%
Dean Thomas
90.8%
Ron Weasley
89.3%
Colin Creevey
88.7%
Lavender Brown
88.1%
Parvati Patil
87.7%
Katie Bell
87.5%
Angelina Johnson
86.6%
% Correct
Padma Patil
86.2%
Lee Jordan
82.4%
Hannah Abbott
81%
Seamus Finnigan
80.9%
Dennis Creevey
80.6%
Justin Finch-Fletchley
79.2%
Alicia Spinnet
77.4%
Ernie Macmillan
75.4%
Michael Corner
63.9%
Susan Bones
62.5%
Zacharias Smith
60.3%
Marietta Edgecombe
60.3%
Anthony Goldstein
51.9%
Terry Boot
48.9%

You're not logged in!

Compare scores with friends on all Sporcle quizzes.
Join for Free
OR
Log In

You Might Also Like...

Show Comments

Extras

Top Quizzes Today


Score Distribution

Your Account Isn't Verified!

In order to create a playlist on Sporcle, you need to verify the email address you used during registration. Go to your Sporcle Settings to finish the process.

Report this User

Report this user for behavior that violates our Community Guidelines.

Details: